Normal view
MARC view
- Mysteries of Science
Entry Topical Term
001 - CONTROL NUMBER
- control field: 101508
003 - CONTROL NUMBER IDENTIFIER
- control field: NUST
005 - DATE AND TIME OF LATEST TRANSACTION
- control field: 20221027130932.0
008 - FIXED-LENGTH DATA ELEMENTS
- fixed length control field: 221027|| aca||aabn | a|a d
040 ## - CATALOGING SOURCE
- Original cataloging agency: NUST
- Transcribing agency: NUST
150 ## - HEADING--TOPICAL TERM
- Topical term or geographic name entry element: Mysteries of Science
670 ## - SOURCE DATA FOUND
- Source citation: Work cat.: (NUST)179712: Hawks, Ellison 100626, The marvels and mysteries of science /
